Wanita-wanita pejuang Islam (Record no. 1179)

MARC details
000 -LEADER
fixed length control field 00681nam a2200229 i 4500
001 - CONTROL NUMBER
control field C2-0004666
003 - CONTROL NUMBER IDENTIFIER
control field PPAK
005 - DATE AND TIME OF LATEST TRANSACTION
control field 20190630221823.0
008 - FIXED-LENGTH DATA ELEMENTS--GENERAL INFORMATION
fixed length control field 970122s io |||| ||||| | may d
040 ## - CATALOGING SOURCE
Original cataloging agency PPAK
Language of cataloging eng
Transcribing agency PPAK
Description conventions rda
082 04 - DEWEY DECIMAL CLASSIFICATION NUMBER
Classification number 297.1978344
Edition number 23
090 00 - LOCALLY ASSIGNED LC-TYPE CALL NUMBER (OCLC); LOCAL CALL NUMBER (RLIN)
Classification number (OCLC) (R) ; Classification number, CALL (RLIN) (NR) 297.1978344
Feature heading ALQ
Feature heading G
100 1# - MAIN ENTRY--PERSONAL NAME
Personal name Al-Qardhawi, Muhammad Yusof,
Relator term author
245 10 - TITLE STATEMENT
Title Wanita-wanita pejuang Islam
264 #1 - PRODUCTION, PUBLICATION, DISTRIBUTION, MANUFACTURE, AND COPYRIGHT NOTICE
Place of production, publication, distribution, manufacture Surabaya :
Name of producer, publisher, distributor, manufacturer Toko Kitab Al-Asriyah ,
Date of production, publication, distribution, manufacture, or copyright notice [date of publication not identified]
300 ## - PHYSICAL DESCRIPTION
Extent 64 pages ;
Dimensions 19 cm
336 ## - CONTENT TYPE
Source rdacontent
Content type term text
337 ## - MEDIA TYPE
Source rdamedia
Media type term unmediated
338 ## - CARRIER TYPE
Source rdacarrier
Carrier type term volume
650 10 - SUBJECT ADDED ENTRY--TOPICAL TERM
Topical term or geographic name entry element Women, Muslim - Conduct of life.
942 ## - ADDED ENTRY ELEMENTS (KOHA)
-- dc
Koha item type Book
Holdings
Withdrawn Not for loan Current library Shelving location Date acquired Full call number Barcode Date last seen Koha item type
    Perpustakaan Alor Setar Pinjaman Dewasa 22/07/1997 297.1978344 ALQ A00033929 08/05/2018 Book
    Perpustakaan Kulim Pinjaman Dewasa 28/06/2003 297.1978344 ALQ A00338468 08/05/2018 Book